Las 100 ciudades más grandes de Ecuador en un mapa - Estadísticas

Estadísticas generales
  • Esta prueba ha sido intentada 300 veces
  • La puntuación promedio es 43 de 100
Respuestas en el mapa
Las respuestas están codificadas por una escala verde-roja en el mapa de la prueba según el % correcto abajo.
 
Estadísticas de respuestas
Población Ciudad % Correcto
1.763.275 Quito
100%
2.650.288 Guayaquil
96%
361.524 Cuenca
89%
203.496 Loja
85%
258.697 Manta
80%
155.487 Esmeraldas
78%
244.129 Portoviejo
78%
288.072 Machala
74%
157.941 Ibarra
72%
177.316 Ambato
70%
98.251 Babahoyo
67%
295.211 Durán/Eloy Alfaro
65%
177.213 Riobamba
65%
56.719 Tulcán
65%
35.066 Salinas
63%
16.066 Chaupitena/Tena/Santa Isabel
61%
33.325 Puyo/Pastaza
61%
29.724 Tena
61%
55.627 Nueva Loja/Lago Agrio
59%
41.718 Otavalo
59%
177.792 Quevedo
59%
54.565 Santa Elena
59%
35.763 Azogues
57%
77.267 Latacunga
57%
22.398 Macas/Morona
57%
44.559 Cayambe
54%
96.647 Sangolquí/Rumiñahui
54%
17.584 Zamora
54%
22.209 Bahía de Caráquez/Sucre
52%
46.438 Daule
52%
30.755 Guaranda
52%
112.154 La Libertad
52%
18.948 Atacames
50%
48.156 Playas/General Villamil
50%
17.068 Samborondón
48%
28.491 San Lorenzo
48%
56.842 Santa Rosa
48%
20.011 Calceta/Bolivar
46%
54.629 Chone
46%
45.382 Jipijapa
46%
24.188 Machachi
46%
159.970 Milagro
46%
27.068 Pedernales
46%
334.826 Santo Domingo de los Colorados
46%
41.740 Cumbayá
43%
56.021 Huaquillas
43%
71.066 Montecristi
43%
39.323 Naranjal
43%
60.147 Pasaje
43%
41.531 Ventanas
43%
249.941 Calderón
41%
35.064 Vinces
41%
25.115 Atuntaqui/Antonio Ante
39%
52.366 El Carmen
39%
13.843 Gualaceo/Santiago de Gualaceo
39%
18.482 Piñas
39%
27.026 Catamayo
37%
39.600 La Troncal
37%
31.120 Rosa Zárate/Quinindé
37%
16.751 Salcedo/San Miguel
37%
21.524 Arenillas
35%
28.397 Jaramijó
35%
116.593 La Aurora/San Antonio
35%
35.474 La Concordia
35%
31.740 La Maná
35%
16.152 Pujilí
35%
14.497 San Gabriel/Montúfar
35%
32.744 Balzar
33%
46.779 Buena Fé/San Jacinto de Buena Fé
33%
26.635 El Guabo
33%
34.664 Naranjito
33%
24.882 Pedro Carbo
33%
16.328 Shushufindi
33%
41.778 Velasco Ibarra/El Empalme
33%
14.100 Baños de Agua Santa
30%
30.886 Posorja
28%
70.789 Tumbaco
28%
41.042 El Triunfo
26%
51.281 Puerto Francisco de Orellana/Ciudad Coco
26%
22.972 Yaguachi/San Jacinto de Yaguachi
26%
13.335 Yantzaza
26%
121.984 Conocoto
24%
22.996 Valencia
24%
16.603 Lomas de Sargentillo
22%
16.248 Montalvo
22%
15.033 Anconcito
20%
13.336 Guayllabamba
20%
16.023 La Joya de los Sachas
20%
28.724 Pomasqui
17%
13.378 Ricaurte
17%
15.066 Virgen de Fátima
15%
13.626 San Antonio de Ibarra
13%
45.380 San Antonio de Pichincha
13%
35.833 José Luis Tamayo/Muey
11%
13.571 El Salitre
9%
13.365 Izamba
9%
55.357 La Puntilla
9%
14.741 Llano Chico
9%
15.356 Santo Domingo de Cutuglahua/Cutuglahua
9%
22.529 San Carlos
7%
No se encontraron pruebas coincidentes
Distribución de puntuación
Porcentaje de gente con cada puntuación
Porcentaje por número respondido
Historial de tus puntuaciones
No has intentado esta prueba.